<?xml version="1.0" encoding="UTF-8"?>
<record
    xmlns:xsi="http://www.w3.org/2001/XMLSchema-instance"
    xsi:schemaLocation="http://www.loc.gov/MARC21/slim http://www.loc.gov/standards/marcxml/schema/MARC21slim.xsd"
    xmlns="http://www.loc.gov/MARC21/slim">

  <leader>00218nam a22000857a 4500</leader>
  <controlfield tag="001">1255738</controlfield>
  <controlfield tag="005">20251212101931.0</controlfield>
  <datafield tag="245" ind1=" " ind2=" ">
    <subfield code="a">RAFADAN TAYFA E&#x11E;LEN&#x130;YOR SA&#x11E;LIK  MUHAFIZLARI</subfield>
    <subfield code="c">OZAN &#xC7;&#x130;V&#x130;T</subfield>
  </datafield>
  <datafield tag="260" ind1=" " ind2=" ">
    <subfield code="b">ERDEM YAYINLARI</subfield>
  </datafield>
  <datafield tag="999" ind1=" " ind2=" ">
    <subfield code="c">1255738</subfield>
    <subfield code="d">1255738</subfield>
  </datafield>
</record>
